00896nam a2200265 a 450000100060000000300080000600500170001400800410003102000230007202000210009502000210011602000210013702000210015803500190017904000320019804100080023008200310023810000380026924500940030726000510040130000230045250400510047550500690052665000350059534368BD-RjUL20211209052140.0140517s1991 ii b 001 0 eng d a8171002862 (set) : a817100282X (V-1) a8171002838 (V-2) a8171002846 (V-3) a8171002854 (V-4) a(BD-RjUL)34462 aDLCcDLCdDLCdBD-RjULbeng aeng04a307.14120954bKHR 19912231 aKhanna, B. S.q(Bhim Sen),d1915-10aRural development in South Asia :bpolicies, programmes, and organisation /cB.S. Khanna. aNew Delhi :bDeep & Deep Publications,cc1991. axi,268 p.;c22 cm. aIncludes bibliographical references. and Index0 a1. India -- 2. Pakistan -- 3. Bangladesh -- 4. Nepal and Bhutan. 0aRural developmentzSouth Asia.